00577nam a2200205 a 4500001001300000003000900013005001700022008004100039020001000080082002000090100002800110245006100138260003200199300000900231500003500240505001200275650002800287650002800315700002800343nice12345678IN_TiNIC20260116013312.0050524s1991 dela grp 000 0 eng  ac22500a297.197259bCHA aChauhan, Rajinder Singh aMuslims in South East Asiab a Study in Minority Problem aDelhibKanishka Pub. c1991 a271p aincludes index and biblioraphy2 aIndices aMuslims-South East Asia aSouth East Asia-Muslims1 aChauhan, Rajinder Singh